|
|
|
|
| LEADER |
01031nam a22002417a 4500 |
| 001 |
AAL6886 |
| 003 |
BD-DhAAL |
| 005 |
20160125191002.0 |
| 008 |
160125b20062002bd a|||| b||| 00| 0 ben d |
| 020 |
|
|
|a 9844583829
|
| 040 |
|
|
|a BD-DhAAL
|c BD-DhAAL
|
| 082 |
|
|
|a 306.4/495492
|
| 100 |
|
|
|a রফিক, আহমদ
|9 17563
|
| 245 |
|
|
|a ভাষা- আন্দোলন ইতিহাস ও উত্তরপ্রভাব /
|c আহমদ রফিক
|
| 260 |
|
|
|a ঢাকা :
|b সময় প্রকাশন,
|c ২০০৬.
|
| 300 |
|
|
|a ৪১৫ পৃ. :
|b চিত্র ;
|c ২২ সে.মি.
|
| 504 |
|
|
|6 Includes bibliography
|
| 541 |
|
|
|e 6886
|
| 650 |
|
|
|a Bengali language movement
|x History
|z Bangladesh
|9 17564
|
| 650 |
|
|
|a Bengali language
|x Political aspects
|z Bangladesh.
|9 17565
|
| 942 |
|
|
|2 ddc
|c BK
|
| 999 |
|
|
|c 36683
|d 36683
|
| 952 |
|
|
|0 0
|1 0
|2 ddc
|4 0
|6 306_400000000000000_495492_RAF
|7 0
|9 57694
|a SCL
|b SCL
|c GEN
|d 2016-01-25
|g 350.00
|l 5
|m 7
|o 306.4495492 RAF
|p 3020006886
|r 2025-05-01
|s 2025-04-28
|t 1
|w 2016-01-25
|y BK
|